|
|
|
|
| LEADER |
01103nam a2200241 a 4500 |
| 001 |
2691 |
| 008 |
130531s1985 bg b f100 0 eng d |
| 010 |
|
|
|a 86900534
|
| 040 |
|
|
|a DLC
|c DLC
|d DLC
|d BD-DhAAL
|
| 082 |
0 |
0 |
|a 307.7/2/095492
|2 19
|
| 245 |
0 |
0 |
|a Village studies in Bangladesh /
|c Hasnat Abdul Hye, editor.
|
| 260 |
|
|
|a Comilla :
|b Bangladesh Academy for Rural Development,
|c 1985.
|
| 300 |
|
|
|a 247 p. ;
|c 24 cm.
|
| 504 |
|
|
|a Includes bibliographies.
|
| 520 |
|
|
|a Papers and proceedings of the Workshop on Village Studies in Bangladesh, organized by the Bangladesh Academy for Rural Development, Comilla, 10th-11th April 1985.
|
| 541 |
|
|
|e 2691
|
| 650 |
|
0 |
|a Villages
|z Bangladesh
|x Congresses.
|
| 700 |
1 |
|
|a Hye, Hasnat Abdul.
|
| 710 |
2 |
|
|a Bangladesh Academy for Rural Development.
|
| 711 |
2 |
|
|a Workshop on Village Studies in Bangladesh
|d (1985 :
|c Comilla, Bangladesh)
|
| 852 |
1 |
|
|a Ayesha Abed Library
|j General shelf.
|
| 999 |
|
|
|c 13523
|d 13523
|
| 952 |
|
|
|0 0
|1 0
|2 ddc
|4 0
|6 307_720954920000000_VIL
|7 0
|9 22582
|a BRACUL
|b BRACUL
|c GEN
|d 2013-06-01
|g 60.00
|l 0
|o 307.72095492 VIL
|p 3010002691
|r 2013-06-01
|t 1
|w 2013-06-01
|y BK
|